| 000 | 00462nam a2200133Ia 4500 | ||
|---|---|---|---|
| 008 | 260210s9999 xx 000 0 und d | ||
| 024 | _a12B-039-BS, 12B-038-BS & 12B-043-BS | ||
| 082 | _a004.35072 BIL | ||
| 100 | _aBilal Ahmed Khan, Muhammad Shumail Azam Khan & Muhammad Uzair Akhtar Khan | ||
| 245 | 0 | _aOntology Based Career Counseling | |
| 260 |
_aKarachi: _bUITU, _c2012 |
||
| 600 | _aComputer Science | ||
| 650 | _aBachelor of Computer Science (BS) | ||
| 999 |
_c32412 _d32412 |
||